000 00449nam a22001937a 4500
003 MPLRDC
005 20220104144313.0
008 210129b ||||| |||| 00| 0 eng d
020 _a962-357-735-4
082 _a528.956 YYL c.2
100 _a叶永烈著
245 _a中国乒乓内幕
_c
250 _a初版
260 _a
_b明报出版社
_c1995
300 _b
490 _a焦点文库
650 _a
942 _cBK
_o528.956 YYL c.2
999 _c48310
_d48300